Cricket: Fastest to 300 Test Wickets - Statistics

General Stats
  • This quiz has been taken 38 times
    31 since last reset
  • The average score is 16 of 20
Answer Stats
Country Year Matches Answer % Correct
SL 2000 58 Muttiah Muralitharan
96%
IND 2017 54 Ravichandran Ashwin
96%
AUS 1998 63 Shane Warne
96%
SA 2013 61 Dale Steyn
92%
AUS 2000 64 Glenn McGrath
92%
AUS 2015 69 Mitchell Johnson
88%
WI 1997 71 Sir Curtly Ambrose
88%
PAK 1996 70 Wasim Akram
88%
NZ 1986 61 Sir Richard Hadlee
84%
PAK 2000 65 Waqar Younis
84%
IND 2001 66 Anil Kumble
80%
AUS 2008 73 Brett Lee
80%
AUS 1981 56 Dennis Lillee
80%
PAK 1987 68 Imran Khan
80%
WI 1988 61 Malcolm Marshall
80%
SA 2000 63 Allan Donald
76%
IND 2008 72 Harbhajan Singh
76%
ENG 1984 72 Lord Ian Botham
76%
SL 2016 69 Rangana Herath
76%
ENG 1964 65 Fred Trueman
36%
No matching quizzes found
Score Distribution
Percent of People with Each Score
Percentile by Number Answered
Your Score History
You have not taken this quiz since the last reset